000 00741nam a22001937a 4500
005 20251108165452.0
008 250721s1985 xx 000 0 ara d
082 1 4 _aم/025.4/دبا
100 1 _aالدباس، إسماعيل أحمد
245 1 0 _aالدليل العملي للتصنيف في المكتبات و مراكز التوثيق و المعلومات /
264 1 _aعمان :
_bجمعية المكتبات الاردنية،
_c1985.
300 _a
500 _aالجزء الثاني ترجمة للطبعة 19 من نظام ديوي العشري
650 1 7 _aتصنيف الكتب
650 1 7 _aنظام ديوي العشري
700 1 _aشلبي، جميل محمود
942 _2ddc
_cREF
999 _c28654
_d28654